=LDR 00000nam 2200000 4500 =001 NUTBA000000000003157 =005 20140821120953.0 =006 =007 =008 =020 ##$$a 978-979-1211-87-1 =035 ##$$a 0010-081400000000001 =040 ##$$a NBPDMAT =082 ##$$a 372.7 =090 ##$$a 372.7 $b Jan o =100 ##$$a Janu Ismadi =245 ##$$a Olimpiade matematika SD II / Janu Ismadi =260 ##$$a Jakarta : $b Azka Press, $c 2008 =300 ##$$a 84 hlm. : $b ilus. ; $c 25 cm. =650 ##$$a Matematika-SD =990 ##$$a 21406492